000 00368nam a2200157Ia 4500
008 200305s9999 xx 000 0 und d
020 _a978-81-7216-016-5
082 _a796
082 _bHOF
100 _aHOWELL
245 _aFOUNDATION OF PHYSICAL EDUCATION
260 _aNEW DELHI
_bFRIEND PUB
300 _a345
650 _aPHYSICAL EDUCATION
999 _c34773
_d34773
041 _aeng